Influence of the semi-finished product quality after turning on the burnished product technological quality = Wpływ jakości półwyrobu po tłoczeniu na jakość technologiczną wyrobu nagniatanego / (Rekord nr 1373)
| 000 -ETYKIETA REKORDU | |
|---|---|
| podpole kontrolne o stałej długości | 01569naa a2200253 i 4500 |
| 001 - NUMER KONTROLNY REKORDU | |
| podpole kontrolne | 1373 |
| 003 - IDENTYFIKATOR NUMERU KONTROLNEGO REKORDU | |
| podpole kontrolne | KOSZ 005 |
| 005 - DATA OSTATNIEJ MODYFIKACJI REKORDU | |
| podpole kontrolne | 20180209153359.0 |
| 008 - POLE O STAŁEJ DŁUGOŚCI - DANE KONTROLNE | |
| podpole kontrolne o stałej długości | 141126s2008 pl f |100 0 pol |
| 040 ## - ŹRÓDŁO KATALOGOWANIA | |
| Instytucja, która utworzyła rekord | BPK |
| Instytucja, która dokonała modyfikacji | KOSZ 005/EG |
| 080 ## - UNIWERSALNA KLASYFIKACJA DZIESIĘTNA - UKD | |
| UKD | 539.3/.6 |
| 100 1# - NAZWA OSOBOWA | |
| Nazwa osobowa | KUŁAKOWSKA, Agnieszka. |
| Lata pracy | 2006 - . |
| Instytucja | Politechnika Koszalińska - Wydział Mechaniczny, |
| Wydział | Katedra Mechaniki Technicznej i Wytrzymałości Materiałów |
| 245 10 - TYTUŁ/ODPOWIEDZIALNOŚĆ | |
| Tytuł | Influence of the semi-finished product quality after turning on the burnished product technological quality = Wpływ jakości półwyrobu po tłoczeniu na jakość technologiczną wyrobu nagniatanego / |
| Pozostałe elementy strefy tytułu i oznaczenia odpowiedzialności | Agnieszka Kułakowska, Leon Kukiełka. |
| 500 ## - UWAGI OGÓLNE | |
| Tekst uwagi | Dane z autopsji. |
| 520 ## - UWAGA DOTYCZĄCA TREŚCI DOKUMENTU | |
| Analiza dokumentacyjna, adnotacja itp. | W pracy przedstawiono wyniki badań tłoczenia na tokarce konwencjonalnej, jako operacji przygotowującej powierzchnię pod nagniatanie. Określono wartości odchyłek zarysu nierówności powierzchni powstające w trakcie tego procesu. |
| 650 #0 - HASŁO PRZEDMIOTOWE W FORMIE NAZWY OGÓLNEJ LUB JEDNOSTKOWEJ | |
| Nazwa ogólna lub geograficzna | Tłocznictwo. |
| 650 #0 - HASŁO PRZEDMIOTOWE W FORMIE NAZWY OGÓLNEJ LUB JEDNOSTKOWEJ | |
| Nazwa ogólna lub geograficzna | Nagniatanie. |
| 650 #0 - HASŁO PRZEDMIOTOWE W FORMIE NAZWY OGÓLNEJ LUB JEDNOSTKOWEJ | |
| Nazwa ogólna lub geograficzna | Tokarka. |
| 655 #0 - TERMIN INDEKSOWY - OKREŚLENIE RODZAJU/FORMY DOKUMENTU | |
| Określnie rodzaju/formy dokumentu | Materiały konferencyjne. |
| 700 1# - HASŁO DODATKOWE - NAZWA OSOBOWA | |
| Nazwa osobowa | KUKIEŁKA, Leon. |
| Lata pracy | 1996 - . |
| Instytucja | Politechnika Koszalińska - Wydział Mechaniczny, |
| Wydział | Katedra Maszyn Roboczych |
| 711 22 - HASŁO DODATKOWE - NAZWA IMPREZY | |
| Nazwa imprezy | Słupskie Forum Motoryzacji |
| Oznaczenie części/sekcji dzieła | (11 ; |
| Data imprezy | 2008 ; |
| Miejsce imprezy | Słupsk, Polska). |
| 773 0# - TYTUŁ DOKUMENTU MACIERZYSTEGO | |
| Wyrażenie wprowadzające | W : |
| Tytuł | XI Konferencja Naukowo-Techniczna na temat "Innowacje w motoryzacji dla ochrony środowiska" : Słupsk 6.06.2008 : praca zbiorowa / pod red. Leona Kukiełki. - |
| Adres wydawniczy | Słupsk : Starostwo Powiatowe w Słupsku, 2008. - |
| Informacje dotyczące relacji | s. 111-116 |
| 942 ## - HASŁO DODATKOWE - ELEMENTY(KOHA) | |
| Typ dokumentu | Rozdział |
| Schemat klasyfikacji | Uniwersalna klasyfikacja dziesiętna |
| Wycofany | Zagubiony | Uszkodzony | Dostępność | Lokalizacja stała | Lokalizacja bieżąca | Sygnatura | Typ dokumentu |
|---|---|---|---|---|---|---|---|
| Dostępny | Bibliografia Prac Pracowników - BPK | Bibliografia Prac Pracowników - BPK | 91243 | Rozdział |
